Catálogo
 En Linea

Nueva matemática / (Registro nro. 59276)

Detalles MARC
000 -CABECERA
campo de control de longitud fija 01258nam a2200277 i 4500
003 - IDENTIFICADOR DEL NÚMERO DE CONTROL
campo de control DO-SdBNP
005 - FECHA Y HORA DE LA ÚLTIMA TRANSACCIÓN
campo de control 20250613105641.0
007 - CAMPO FIJO DE DESCRIPCIÓN FÍSICA--INFORMACIÓN GENERAL
campo de control de longitud fija ta
008 - DATOS DE LONGITUD FIJA--INFORMACIÓN GENERAL
campo de control de longitud fija 250613b19-- dr acd|| |||| 00| 0 spa d
040 ## - FUENTE DE LA CATALOGACIÓN
Centro catalogador/agencia de origen DO-SdBNP
Lengua de catalogación spa
Centro/agencia transcriptor BNPHU
Normas de descripción rda
082 #4 - NÚMERO DE LA CLASIFICACIÓN DECIMAL DEWEY
Número de clasificación xxx
Número de documento/Ítem xxx
Número de edición 22
100 ## - ENTRADA PRINCIPAL--NOMBRE DE PERSONA
Nombre de persona Marcelo, Nidia,
Término indicativo de función/relación autor
Código de función/relación aut.
9 (RLIN) 1256
245 10 - MENCIÓN DE TÍTULO
Título Nueva matemática /
Mención de responsabilidad, etc. Nidia Marcelo.
260 ## - PUBLICACIÓN, DISTRIBUCIÓN, ETC.
Lugar de publicación, distribución, etc. Santo Domingo :
Nombre del editor, distribuidor, etc. Susaeta Ediciones Dominicanas,
Fecha de publicación, distribución, etc. [19--].
264 #1 - PRODUCCIÓN, PUBLICACIÓN, DISTRIBUCIÓN, FABRICACIÓN Y COPYRIGHT
Producción, publicación, distribución, fabricación y copyright Santo Domingo :
Nombre del de productor, editor, distribuidor, fabricante Susaeta,
Fecha de producción, publicación, distribución, fabricación o copyright 19--?.
300 ## - DESCRIPCIÓN FÍSICA
Extensión volumenes :
Otras características físicas ilustraciones, retratos y gráficos ;
Dimensiones 25 cm.
336 ## - TIPO DE CONTENIDO
Término de tipo de contenido texto
Código de tipo de contenido txt
Fuente rdacontent
337 ## - TIPO DE MEDIO
Nombre/término del tipo de medio sin mediación
Código del tipo de medio n
Fuente rdamedia
338 ## - TIPO DE SOPORTE
Nombre/término del tipo de soporte volumen
Código del tipo de soporte nc
Fuente rdacarrier
500 ## - NOTA GENERAL
Nota general Educación primaria
500 ## - NOTA GENERAL
Nota general La biblioteca posee los volumenes 1,2, 4, 5 y 6.
505 0# - NOTA DE CONTENIDO CON FORMATO
Nota de contenido con formato v. 1--
Título Primer curso de primaria--
-- Identificación de conjuntos--
Información miscelánea v. 2 --
Título Segundo curso de primaria --
-- Conjuntos--
Información miscelánea v.4 --
Título Cuarto curso de primaria --
-- Conjunto-Números-Numerales--
Información miscelánea v.5--
Título Quinto curso de primaria --
-- Conjuntos - Intersección de conjuntos - Propiedades - Unión de conjuntos--
Información miscelánea v.6 --
Título Sexto curso de primaria--
-- Adición y sustración de números naturales.
590 ## - NOTA LOCAL (RLIN)
Nota local Inventariado, 2025/BT
910 ## - DATOS DE OPCIÓN DEL USUARIO (OCLC)
Datos de opción del usuario Btavárez
942 ## - ELEMENTOS DE PUNTO DE ACCESO ADICIONAL (KOHA)
Fuente del sistema de clasificación o colocación Dewey Decimal Classification
Tipo de ítem Koha Libro
Existencias
Estado de retiro Estado de pérdida Fuente del sistema de clasificación o colocación Restricciones de uso No para préstamo Código de colección Localización permanente Ubicación/localización actual Ubicación en estantería Fecha de adquisición Fuente de adquisición Total de préstamos Signatura topográfica completa Código de barras Fecha visto por última vez Número de copia Precio válido a partir de Tipo de ítem Koha
    Dewey Decimal Classification Excluido de préstamo   Patrimonio Dominicano Biblioteca Nacional Pedro Henríquez Ureña Biblioteca Nacional Pedro Henríquez Ureña En catalogación 13.06.2025 Donado por el Colegio Nuestra Señora de Lourdes   BNPHU PD 2025-5151 13.06.2025 v.1 13.06.2025 Libro
    Dewey Decimal Classification Excluido de préstamo   Patrimonio Dominicano Biblioteca Nacional Pedro Henríquez Ureña Biblioteca Nacional Pedro Henríquez Ureña En catalogación 13.06.2025 Donado por el Colegio Nuestra Señora de Lourdes   BNPHU PD 2025-5152 13.06.2025 v.2 13.06.2025 Libro
    Dewey Decimal Classification Excluido de préstamo   Patrimonio Dominicano Biblioteca Nacional Pedro Henríquez Ureña Biblioteca Nacional Pedro Henríquez Ureña En catalogación 13.06.2025 Donado por el Colegio Nuestra Señora de Lourdes   BNPHU PD 2025-5153 13.06.2025 v.4 13.06.2025 Libro
    Dewey Decimal Classification Excluido de préstamo   Patrimonio Dominicano Biblioteca Nacional Pedro Henríquez Ureña Biblioteca Nacional Pedro Henríquez Ureña En catalogación 13.06.2025 Donado por el Colegio Nuestra Señora de Lourdes   BNPHU PD 2025-5154 13.06.2025 v.5 13.06.2025 Libro
    Dewey Decimal Classification Excluido de préstamo   Patrimonio Dominicano Biblioteca Nacional Pedro Henríquez Ureña Biblioteca Nacional Pedro Henríquez Ureña En catalogación 13.06.2025 Donado por el Colegio Nuestra Señora de Lourdes   BNPHU PD 2025-5155 13.06.2025 v.6 13.06.2025 Libro

Con tecnología Koha